000
00285nam a22001217a 4500
008
171123b xxu||||| |||| 00| 0 eng d
041
_a
eng
080
_2
2ND
_a
62
100
_a
27
101
_a
MEK
245
_a
ENGINEERING MECHANICS OF DEFORMABLE BODIES
_c
BYARS,E,F
942
_2
udc
_c
BK
999
_c
38352
_d
38352